A vindication of the authority, constitution, and laws of the church and state of Scotland : in four conferences, wherein the answer to the dialogues betwixt the Conformist and Non-conformist is examined /

Bibliographic Details
Main Author: Burnet, Gilbert, 1643-1715
Format: Microform Book
Language:English
Published: Glasgow : By Robert Sanders ..., MDCLXXIII [1673]
Series:Early English books, 1641-1700 ; 1032:1.
Subjects:

MARC

Tag First Indicator Second Indicator Subfields
LEADER 00000cam a2200000 a 4500
001 in00000885521
005 20150923134459.0
007 hd afv---baca
007 hd bfv---baaa
008 851023r19801673miu a 00010 eng d
035 |a (OCoLC)12711648 
035 |9 AEL3128AM 
037 |a CL0037000034  |b University Microfilms International 
037 |b University Microfilms International, 300 N. Zeeb Rd., Ann Arbor, MI 48106 
040 |a EAF  |c EAF  |d m/c  |d UtOrBLW 
043 |a e-uk-st 
045 |a u-u- 
049 |a TXAI 
090 |a BX9071  |b .B38 
099 |a film   |a  B   |a  3609 
100 1 |a Burnet, Gilbert,  |d 1643-1715. 
245 1 2 |a A vindication of the authority, constitution, and laws of the church and state of Scotland :  |b in four conferences, wherein the answer to the dialogues betwixt the Conformist and Non-conformist is examined /  |c by Gilbert Burnet ... 
264 1 |a Glasgow :  |b By Robert Sanders ...,  |c MDCLXXIII [1673] 
300 |a 26 unnumbered pages, 362, that is, 332 pages 
336 |a text  |b txt  |2 rdacontent 
337 |a microform  |b h  |2 rdamedia 
338 |a microfilm reel  |b hd  |2 rdacarrier 
500 |a Numerous errors in paging; numbers 113-142 omitted. 
500 |a Reproduction of original in the Bodleian Library. 
510 4 |a Wing  |c B5938. 
533 |a Microfilm.  |b Ann Arbor, Mich. :  |c University Microfilms International,  |d 1980  |e 1 microfilm reel ; 35 mm.  |f (Early English books, 1641-1700 : 1032:1) 
500 |a Microform. 
610 2 0 |a Church of Scotland  |x History  |y 17th century. 
651 0 |a Scotland  |x Constitutional history. 
651 0 |a Scotland  |x History  |y 17th century. 
830 0 |a Early English books, 1641-1700 ;  |v 1032:1. 
999 |a MARS 
999 f f |s 25ffe5e2-b9ac-320d-88f9-ac92ecb42b75  |i fee56e83-d8c6-3ec7-b136-29b956fe0238  |t 0 
952 f f |p default  |a Texas A&M University  |b College Station  |c Sterling C. Evans Library  |d Evans: Microforms (3rd floor)  |t 0  |e film B 3609 1032:1  |h Other scheme  |i microform -- microfilm reel 
998 f f |a film B 3609 1032:1  |t 0  |l Evans: Microforms (3rd floor)